| 000 | 00447nam a22001577a 4500 | ||
|---|---|---|---|
| 008 | 250623b |||||||| |||| 00| 0 eng d | ||
| 020 | _a8123911017 | ||
| 050 |
_aQE 399.2 .T87 _b.T87 |
||
| 100 | _aTurner Francis J. | ||
| 245 | _aIgneous and Metamorphie Petrology | ||
| 250 | _a2nd | ||
| 260 |
_aBangalore, India _bCBS Publishers and Distributors pvt limited _c2004 |
||
| 300 | _a694p. | ||
| 650 | _aPetrology- Igneous metamophic | ||
| 942 | _cBK | ||
| 999 |
_c3946 _d3946 |
||